| 000 | 00449nam a2200181Ia 4500 | ||
|---|---|---|---|
| 001 | 9671 | ||
| 005 | 20260306161735.0 | ||
| 008 | 260306t2015||||xx |||||||||||||| ||spa|| | ||
| 041 | _aESP | ||
| 082 |
_a388.985 _bA35 |
||
| 100 |
_aAlarco Tosoni, Germán _eAUT |
||
| 245 | 0 |
_aTecnopolítica económica: _banálisis y propuestas |
|
| 260 | _c2015 | ||
| 300 |
_a356 páginas : _c23 cm. |
||
| 650 | _aGEN | ||
| 654 | _aCHU | ||
| 942 |
_cLIB _dJUS _fJUS _2ddc _n |
||
| 999 |
_c9671 _d9671 |
||